000 01075nam a2200241Ii 4500
003 JO-AjNU
005 20240629090700.0
008 230605s9999||||xx |||||||||||||| ||und||
040 _aJO-AjNU
_bara
_erda
_cJO-AjNU
041 _aara
050 1 4 _aK5437 2022
100 1 _aالطوالبة، حاكم عوض
_eمعد
_965732
245 0 0 _aضبابية التوقيف في التشريع الجزائي الأردني=Confusion of detention in Jordanian penal Legislation
_cاعداد حكاك عوض الطوالبة ؛ إشراف عبدالله ماجد العكايلة
260 _c2022
300 _a132 ورقة
336 _atext
_btxt
_2rdacontent
337 _aunmediated
_bn
_2rdamedia
338 _avolume
_bnc
_2rdacarrier
500 _aرسالة جامعية(اطروحة ماجستير) تخصص القانون /كليةالحقوق جامعة عجلون الوطنية، 2022
650 4 _aقانون الاجراءات الجزائية-التوقيف
_963552
700 1 _aالعكايلة، عبدالله ماجد.
_eمشرف
_965299
942 _2lcc
_cTHS
999 _c32402
_d32402